Tendencie budúceho vývoja organizačného dizajnu podnikov

Gespeichert in:
Bibliographische Detailangaben
1. Verfasser: Skorková, Zuzana, 1979-
Format: Buchkapitel
Sprache:Slowakisch
Englisch
Schlagworte:
Tags: Tag hinzufügen
Keine Tags, Fügen Sie das erste Tag hinzu!

MARC

LEADER 00000naa$a2200000$$$4500
001 0281000
005 20240502074350.4
041 0 |a slo 
041 0 |a eng 
044 |a SK 
245 1 0 |a Tendencie budúceho vývoja organizačného dizajnu podnikov  |c Zuzana Skorková 
500 |a abstrakt 
610 2 0 |a podnik 
610 2 0 |a dizajn 
610 2 0 |a štruktúra podniku organizačná 
610 2 0 |a prostredie virtuálne 
610 2 0 |a procesy podnikové 
610 2 0 |a pandémia 
100 1 |a Skorková, Zuzana, 1979-